000 00986cam a22002651i 4500
003 SA-RiAUC
005 20250213081131.0
008 250209s2006 xxk g 000 0 ara c
040 _aSA-JeALM
_bara
_cSA-RiAUC.
_erda
041 1 _aara
_hund
082 0 4 _a247.98
_qSA-RiAUC
090 _a247.98
_b ا و ب
100 1 _aأوبنهايم، ماكس،
_cفرايهر فون،
_d1860-1946
_eمؤلف.
245 1 2 _aالدروز /
_cتأليف ماكس فون أوبنهايم ؛ ترجمة محمود كبيبو.
250 _aالطبعة الأولى.
264 1 _aلندن :
_bدار الوراق للنشر المحدودة،
_c2006
300 _a184 صفحة ؛
_c20 سم
336 _aنص
_btxt
_2rdacontent
_3كتاب
337 _aبدون وسيط
_bn
_2rdamedia
338 _aمجلد
_bnc
_2rdacarrier
650 7 _aالدروز
_2aucsh
700 1 _aكبيبو، محمود،
_d1941-2020
_eمترجم.
942 _2ddc
_cBOOK
_n0
949 _aSA-JeALM
_d250209
_uosman123
_n1
999 _c5887
_d5887